Extrañamiento del Mundo

Saved in:
Bibliografiske detaljer
Hovedforfatter: Sloterdijk, Peter (Author)
Format: Bog
Sprog:spansk
Udgivet: Valencia Pre-Textos 1998
Udgivelse:1a. ed
Fag:
Tags: Tilføj Tag
Ingen Tags, Vær først til at tagge denne postø!

MARC

LEADER 00000nam a2200000 a 4500
001 UCK5055
003 CL-VaPUC
008 050708e19980900SP |||||||||||||||||spa|d
020 |a 8481912131 
082 0 4 |a 190  |b SLO  |2 21 
100 0 |a Sloterdijk, Peter  |e author  |9 493757 
245 1 0 |a Extrañamiento del Mundo 
250 |a 1a. ed 
300 |a 365 p 
942 |c BK 
945 |d 20050708 00:00:00  |a cmena 
260 |a Valencia  |b Pre-Textos  |c 1998 
650 0 |a Filosofía moderna  |9 258121 
583 |a last modification  |c 20050708 00:00:00  |k Rodrigo Vera 
999 |c 313744  |d 313742 
952 |0 0  |1 0  |4 0  |6 190_000000000000000_SLO_1998  |7 0  |8 A  |9 385236  |a BIBEDU  |b BIBEDU  |d 2019-11-22  |i 4136144  |l 3  |m 2  |o 190 SLO 1998  |p 4136144  |r 2024-07-03  |s 2021-11-29  |w 2019-11-22  |y BK  |k FIL